Marcas que começam com N - Statistics

Estatísticas Gerais
  • Esse quiz foi jogado 33 vezes
  • A pontuação média é 5 de 19
Estatísticas das Respostas
Hint Resposta % Correto
2. Nike
75%
1. Nintendo
58%
16. Nissan
58%
12. Nestlé
50%
4. Netflix
38%
18. Nokia
38%
15. Nickelodeon
29%
19. Nutella
29%
13. New Ballance
25%
17. Nívea
21%
7. NBC
13%
9. Nescafé
8%
6. Nascar
4%
8. National Geographic Channel
4%
3. Nespresso
0%
10. Nesquik
0%
11. Nestea
0%
14. Nina Ricci
0%
5. Note
0%
Nenhum quiz correspondente encontrado
Distribuição das Pontuações
Porcentagem de Pessoas com Cada Pontuação
Percentil de Números Respondidos
Sua Pontuação Histórica
Você não jogou esse quiz